Koncepčný návrh revitalizácie Námestia Republiky v Petržalke
Enregistré dans:
| Auteur principal: | |
|---|---|
| Autres auteurs: | |
| Format: | Manuscrit Livre |
| Langue: | slovaque |
| Publié: |
2025
|
| Sujets: | |
| Accès en ligne: | http://is.stuba.sk/zp/portal_zp.pl?podrobnosti=174502 CRZP |
| Tags: |
Pas de tags, Soyez le premier à ajouter un tag!
|
MARC
| LEADER | 00000ntm a22000003a 4500 | ||
|---|---|---|---|
| 001 | stuzp105417 | ||
| 003 | SK-STU | ||
| 005 | 20250729142656.7 | ||
| 007 | ta | ||
| 008 | 150427s2015----xo-----f-mn---000-0-slo-d | ||
| 040 | |a STU |b slo | ||
| 041 | 0 | |a slo | |
| 100 | 1 | |a Mykhailiuk, Tetiana |u 010160 |4 aut |U SvF Stavebná fakulta |T SvF Katedra vodného hospodárstva krajiny |X 112903 |U V160 |Y 16 |7 112903 | |
| 242 | 0 | 1 | |a Conceptual proposal for the revitalization of Republica Square in Petržalka |y eng |
| 245 | 1 | 0 | |a Koncepčný návrh revitalizácie Námestia Republiky v Petržalke |
| 260 | |c 2025 | ||
| 650 | 4 | |a Petržalka, verejný priestor |2 slo | |
| 650 | 4 | |a hlavná aleja |2 slo | |
| 650 | 4 | |a centrálna fontána |2 slo | |
| 650 | 4 | |a športová infraštruktúra |2 slo | |
| 650 | 4 | |a pamätný park |2 slo | |
| 650 | 4 | |a symbolika v dizajne |2 slo | |
| 650 | 4 | |a zónovanie priestoru |2 slo | |
| 650 | 4 | |a Námestie Republiky |2 slo | |
| 650 | 4 | |a space zoning |2 eng | |
| 650 | 4 | |a main alley |2 eng | |
| 650 | 4 | |a central fountain |2 eng | |
| 650 | 4 | |a sports infrastructure |2 eng | |
| 650 | 4 | |a memorial park |2 eng | |
| 650 | 4 | |a symbolism in design |2 eng | |
| 650 | 4 | |a Námestie Republiky |2 eng | |
| 650 | 4 | |a Petržalka |2 eng | |
| 650 | 4 | |a public space |2 eng | |
| 700 | 1 | |a Kubáňová, Martina |u 010160 |k Z1 |4 ths |U SvF Stavebná fakulta |T SvF Katedra vodného hospodárstva krajiny |X 68887 |U V160 |Y 16 |7 A000068887 | |
| 856 | 4 | |u http://is.stuba.sk/zp/portal_zp.pl?podrobnosti=174502 | |
| 856 | 4 | |u https://opac.crzp.sk/?fn=detailBiblioForm&sid=C9A1C75A261DD259F9814D1E26A3 |z CRZP | |